000 00648nam a2200193 a 4500
001 000041533
005 20201002035627.0
008 131009s2005 sp ac 000 0 spa d
020 _a8400083806
040 _aDO-SdBNP
_bspa
_cBNPHU
082 _axxxx
_bxxx
100 1 _aBarbosa, Andrés
_968265
245 1 0 _aInternational Studbook Gazella Dama Mhorr. /
_cAndrés Barbosa, Gerardo Espeso.
260 _aMadrid, :
_bConsejo Superior de Investigaciones Científicas,
_c2005.
300 _a128 p. :
_bil., rests. ;
_c24 cm.
490 1 _aBiblioteca de ciencias
_v21
700 1 _aEspeso, Gerardo
_968266
830 0 _aBiblioteca de ciencias
_v21
_938842
999 _c41023
_d41023